000 01042nas a2200289 i 4500
001 253244
005 20260216080541.0
007 ta
008 260130e1986 dr f p|co || |o001 || |
011 _a
040 _aDO-SdBNP
_bspa
_cBNPHU
_erda
041 _hspa
245 _aColoquios jurídicos.
260 _bUniversidad APEC
264 _aSanto Domingo, República Dominicana :
_bUniversidad APEC,
_c1986.
300 _avolumen ;
_c21 cm.
310 _aSemestral.
336 _atexto
_btxt
_2rdacontent
337 _asin mediación
_bn
_2rdamedia
338 _avolumen
_bnc
_2rdacarrier
362 _aAño 1, Número 1, (julio-diciembre 1986).
500 _aCatalogación basada en el número: Año 1, Número 1, (julio-diciembre 1986).
650 _929816
_aFilosofía del derecho
_vPublicaciones periódicas
650 0 _aDesarrollo político
_xJurisprudencia
_vPublicaciones periódicas
_948738
650 _948739
_aDerecho y sociedad
_vPublicaciones periódicas
_zRepública Dominicana
942 _2ddc
_cISSUE
999 _c60171
_d60171